Jesús: aproximación histórica

Guardat en:
Dades bibliogràfiques
Autor principal: Pagola Elorza, José Antonio (autor)
Format: Llibre
Idioma:espanyol
Publicat: Madrid PPC Editorial 2013
Edició:11a. ed
Matèries:
Etiquetes: Afegir etiqueta
Sense etiquetes, Sigues el primer a etiquetar aquest registre!

MARC

LEADER 00000cam a2200000 a 4500
001 UCE6955
003 CL-VaPUC
008 150514e20130500sp |||||||||||||||||spa|d
020 |a 9788428825696 
082 0 4 |a 232  |b PAG  |2 21 
100 |a Pagola Elorza, José Antonio  |e autor  |9 598546 
245 1 0 |a Jesús: aproximación histórica 
250 |a 11a. ed 
300 |a 574 p 
942 |c BK 
945 |d 20150514 13:01:00  |a arojas 
260 |a Madrid  |b PPC Editorial  |c 2013 
600 0 |a Jesucristo  |9 481811 
650 0 |a Cristología   |9 315091 
583 |a last modification  |c 20150731 03:28:19  |k Rodrigo Vera 
999 |c 359120  |d 359118 
952 |0 0  |1 0  |3 erb  |4 0  |6 232_000000000000000_PAG_2013  |7 0  |8 A  |9 468155  |a BIBTEO  |b BIBTEO  |i 5149533  |o 232 PAG 2013  |p 5149533  |r 2025-01-17  |w 2019-11-23  |y BK  |z Catalogado en:20150514  |k ICR